Cómo enseñar a los niños a escribir con buena letra

Salvato in:
Dettagli Bibliografici
Autore principale: Samet de Baranchuk, Cecilia (Autore)
Natura: Libro
Lingua:spagnolo
Pubblicazione: Buenos Aires Paidós 1971
Serie:Biblioteca del educador contemporáneo, 140
Soggetti:
Tags: Aggiungi Tag
Nessun Tag, puoi essere il primo ad aggiungerne!!

MARC

LEADER 00000nam a2200000 a 4500
001 UCZ0596
003 CL-VaPUC
008 950804e19710000AG |||||||||||||||||spa|d
082 0 4 |a 372.364  |b SAM  |2 21 
100 0 |a Samet de Baranchuk, Cecilia  |e author  |9 343605 
245 1 0 |a Cómo enseñar a los niños a escribir con buena letra 
300 |a 74 p 
942 |c BK 
945 |d 19950804 00:00:00  |a mfernand 
260 |a Buenos Aires  |b Paidós  |c 1971 
650 7 |a ESCRITURA MANUSCRITA  |2 CL-VaPUC  |9 336432 
650 0 |a Enseñanza de la escritura  |9 307377 
650 7 |a CALIGRAFIA  |2 CL-VaPUC  |9 343606 
650 0 |a Niños  |9 255605 
650 0 |a Educación básica   |9 224933 
583 |a last modification  |c 19950804 00:00:00  |k Rodrigo Vera 
490 0 |a Biblioteca del educador contemporáneo, 140 
999 |c 237513  |d 237511 
952 |0 0  |1 0  |4 0  |6 372_364000000000000_SAM_1971  |7 0  |8 P  |9 246752  |a BIBEDU  |b BIBEDU  |c BIBEDU_PB  |d 2019-11-18  |i 1549618  |o 372.364 SAM 1971  |p 1549618  |r 2024-01-25  |w 2019-11-18  |y BK  |k EDU